|
|
|
|
| LEADER |
00000nam a2200000 a 4500 |
| 001 |
vtls001484693 |
| 003 |
SK-MaSNL |
| 005 |
20260301122313.0 |
| 008 |
240313s2002 ru oc g he 00000crus |
| 020 |
|
|
|a 5765418104
|q (viaz. : Sankt-Peterburg, Neva)
|
| 020 |
|
|
|a 522404071X
|q (viaz. : Moskva, Olma-Press)
|
| 035 |
|
|
|a SNK000439987
|
| 040 |
|
|
|a SNK
|b slo
|c SNK
|e AACR2
|
| 072 |
|
7 |
|a 94(47)
|x Dejiny krajíny východnej Európy
|2 konspekt
|
| 072 |
|
7 |
|a 929
|x Biografie
|2 konspekt
|
| 080 |
|
|
|a 355.426
|2 MDT-MRF
|
| 080 |
|
|
|a 329.052
|2 MDT-MRF
|
| 080 |
|
|
|a 94(47+57)"1917/1921"
|2 MDT-MRF
|
| 080 |
|
|
|a (048.8)
|2 MDT-MRF
|
| 100 |
1 |
|
|a Volkov, S. V.
|q Sergej Vladimirovič
|4 aut
|9 467661
|
| 245 |
1 |
0 |
|a Beloje dviženije
|b enciklopedija Graždanskoj vojny
|c Volkov S. V.
|
| 260 |
|
|
|a Sankt-Peterburg
|b Neva
|c 2002
|
| 300 |
|
|
|a 671 s., [32] s. fotogr. príl.
|c 27 cm
|
| 650 |
0 |
7 |
|a ruská občianska vojna (1918-1921)
|2 SNKPH
|9 166888
|
| 650 |
0 |
7 |
|a bielogvardejci
|2 SNKPH
|9 306078
|
| 650 |
0 |
7 |
|a politická opozícia
|2 SNKPH
|9 4810
|
| 651 |
|
7 |
|a Sovietsky zväz
|2 SNKPH
|9 22126
|
| 655 |
|
7 |
|a encyklopédie
|2 SNKPH
|9 28776
|
| 919 |
|
|
|a 5-7654-1810-4
|
| 919 |
|
|
|a 5-224-04071-X
|
| 999 |
|
|
|c 732430
|d 734360
|
| 952 |
|
|
|t P60, <04>, [BOOK], {604}, -A-
|a SNK
|b SNK
|y VYP
|7 0
|p 17A0457844
|o snkIB 70855
|i snk2005/3767
|8 2
|g 12.61
|0 0
|1 0
|4 0
|d 2004-11-03
|l 0
|r 2005-01-02 00:00:00
|w 2026-02-23
|